000 00410nam a22001697a 4500
003 CEME
005 20210628203939.0
008 210104b xxu||||| |||| 00| 0 eng d
020 _a9693524322
040 _cceme
082 _a910.4 JAW
100 _aJawad Ahmed Sherazi
_967967
245 _aKarakoram kai baraf zaron sai
260 _aLAHORE
_bSANG-E-MEEL PUB
_c2011
300 _a189P
942 _cBK
_2ddc
999 _c575643
_d575643